TV Sibling/Mother Match-Up Quiz Stats

 Plays Quiz Updated Dec 21, 2015

Also try: TV Dad Occupations
Challenge
Share
Tweet
Score 0/12 Timer 04:00
0 Plays Today
% Correct
Bart
98.9%
Meg
88.7%
Ross
74.4%
Carlton
70.6%
Bud
68.3%
Darlene
64.9%
Luke
57.3%
Meadow
47.3%
Lindsay
43.7%
Laurie
42.2%
Brandon
37%
Buffy
34.1%

You're not logged in!

Compare scores with friends on all Sporcle quizzes.
Join for Free
OR
Log In

You Might Also Like...

Show Comments

Extras

Top Quizzes Today


Score Distribution

Your Account Isn't Verified!

In order to create a playlist on Sporcle, you need to verify the email address you used during registration. Go to your Sporcle Settings to finish the process.

Report this User

Report this user for behavior that violates our Community Guidelines.

Details: